La analoga̕ Derecho y lg̤ica

Bibliographic Details
Main Author: Cano Martn̕ez de Velasco, Jos ̌Ignacio
Format: eBook
Language:Spanish
Published: Barcelona : J.M. Bosch Editor, 2012
Subjects:
Online Access:http://www.vlex.com/source/7274

MARC

LEADER 00000nam a22000007a 4500
005 20130226183644.0
007 cr|||| ||||
008 130226e2012 sp |||||s|||| 00||0 spa d
020 |a 978-84-940751-4-8 
035 |a 7274 
040 |a vLex 
090 |c 3778  |d 3778 
100 1 0 |a Cano Martn̕ez de Velasco, Jos ̌Ignacio  
245 1 3 |a La analoga̕  |b Derecho y lg̤ica  |h [Recurso electrn̤ico] 
256 |a Servicio en ln̕ea 
260 |a Barcelona :  |b J.M. Bosch Editor,   |c 2012 
300 |a 1 Recurso electrn̤ico 
650 0 4 |a Filosofa̕ del Derecho 
650 0 4 |a Lg̤ica 
740 |a vLex Libros (Servicio en ln̕ea) 
856 |a Acceso restringido  |u http://www.vlex.com/source/7274 
942 |c BOOK 
999 0 |a Philosophy